000 00615nam a22002057a 4500
003 SISC
005 20170116152927.0
008 141008b xxu||||| |||| 00| 0 eng d
020 _a9780273779889
050 _aHB 171.5
_b.C266 2013
100 _aCase, Karl E.
245 _aPrinciples of economics /
_cKarl E. Case, Ray C. Fair and Sharon M. Oster.
250 _a10th edition.
260 _aBoston :
_bPrentice Hall,
_c2013.
300 _a813 pages :
_billustrations ;
_c28 cm.
500 _aIncludes glossary and index.
521 _aBusiness Administration
650 _aEconomics.
942 _2lcc
_cBK
_kFIL
999 _c276043
_d276043